Evaluation of metal loading to streams near Creede, Colorado, August and September 2000 /

Bibliographic Details
Corporate Authors: Creede (Colo.), United States. Forest Service, Geological Survey (U.S.)
Other Authors: Kimball, Briant A.
Format: Government Document eBook
Language:English
Published: Salt Lake City, Utah : U.S. Dept. of the Interior, U.S. Geological Survey, 2006.
Series:Scientific investigations report ; 2004-5143.
Subjects:
Online Access:https://purl.fdlp.gov/GPO/LPS102838

MARC

Tag First Indicator Second Indicator Subfields
LEADER 00000cam a2200000 a 4500
001 in00002434321
005 20211202185754.0
006 m d f
007 cr mn|||||||||
008 060201s2006 utuab sb f000 0 eng c
035 |a (OCoLC)ocm63204454 
040 |a GIS  |c GIS  |d GPO  |d MvI  |d UtOrBLW 
042 |a pcc 
043 |a n-us-co 
049 |a WWW 
074 |a 0624-B-02 (online) 
086 0 |a I 19.42/4-4:2004-5143 
245 0 0 |a Evaluation of metal loading to streams near Creede, Colorado, August and September 2000 /  |c by B.A. Kimball [and others] ; prepared in cooperation with the City of Creede, Colorado, and the U.S. Forest Service. 
264 1 |a Salt Lake City, Utah :  |b U.S. Dept. of the Interior, U.S. Geological Survey,  |c 2006. 
300 |a viii, 63 pages :  |b digital, PDF file. 
336 |a text  |b txt  |2 rdacontent 
337 |a computer  |b c  |2 rdamedia 
338 |a online resource  |b cr  |2 rdacarrier 
490 1 |a Scientific investigations report ;  |v 2004-5143 
538 |a Mode of access: Internet at the USGS web site. Address as of 9/23/08: http://pubs.usgs.gov/sir/2004/5143/PDF/SIR2004%5F5143.pdf ; current access is available via PURL. 
500 |a Title from PDF title screen (viewed on Jan. 31, 2006). 
504 |a Includes bibliographical references (pages 62-63). 
500 |a Electronic resource. 
650 0 |a Metals  |x Environmental aspects  |z Colorado  |z Creede. 
650 0 |a Water  |x Pollution  |z Colorado  |z Creede Region. 
650 0 |a Mine drainage  |z Colorado  |z Creede Region. 
650 0 |a Stream measurements  |z Colorado  |z Creede Region. 
700 1 |a Kimball, Briant A. 
710 1 |a Creede (Colo.) 
710 1 |a United States.  |b Forest Service. 
710 2 |a Geological Survey (U.S.) 
830 0 |a Scientific investigations report ;  |v 2004-5143. 
856 4 0 |u https://purl.fdlp.gov/GPO/LPS102838  |t 0 
999 |a MARS 
999 f f |s a6e8630c-ed8a-39f3-9062-bd84bf542a62  |i 17aa7e15-f308-3a45-8e3a-8345f215b370  |t 0 
952 f f |a Texas A&M University  |b College Station  |c Electronic Resources  |d Available Online  |t 0  |e I 19.42/4-4:2004-5143  |h Superintendent of Documents classification 
998 f f |a I 19.42/4-4:2004-5143  |t 0  |l Available Online